000
00320nam a2200133Ia 4500
100
_a
Oppenheim/ A.V./ Schafer/ R.
942
_c
BK
654
_a
signal processing
245
_a
Discrete-Time signal processing
260
_b
Prentice Hall of India
_a
New Delhi
_c
1992
300
_a
879
546
_a
ENGLISH
999
_c
23402
_d
23402